000 00718nam a22002537a 4500
001 127273
003 UA-OsUOA
005 20220410153345.0
007 ta
008 20171123b un ||||| |||| 00| 0 ukr d
040 _aUA-OsUOA
_brus
_cUA-OsUOA
_dUA-OsUOA
041 _arus
080 _a821.161.1
090 _a821.161.1
_bТ98
100 _aТютчев Ф. И.
245 _aСочинения в двух томах
260 _aМ.
_bХудожественная литература
_c1984
300 _a446 с.
505 _gТ. 2
_tПисьма
650 7 _a821 Художня література
_2UDC
942 _cBK
_2udc
955 _a3
999 _c414416
_d414416